00285nam a22000977a 4500082003000000245004900030260004700079300001600126526003700142650000800179 a658bALLcAllen, Louis A. aManagement and organization /cLouis A Allen aLondon :bMcGraw Hill Book Company,c1958. ax, 353 p. : a0b0c0d658_000000000000000_ALL aMCE